LEADER 00593nam a2200169 i 4500 001 000000196948 003 CaOOAMICUS 005 20260408115901.0 008 170302s2008 it u000 u ita u 040 $aSeMil$bita 245 10$a[Vol. 1]. 300 $aXVI, 220 :$bill. ;$c30 cm. 773 0 $tNuove parole italiane dell'uso del Grande dizionario italiano dell'uso.$dTorino : UTET, 2007-2008.$g1$w()21996 850 $aSeMil 852 $aSeMil$W1$xVenegono$y1$mSL1.A VI 8/1$j269865$B257857$CSeMilBibl$Z2$F257857 $8I 996 $6245$a[Vol. 1]$9(OLS)http://semarc/title/68439